Telecommunications switching
Salvato in:
| Autore principale: | |
|---|---|
| Natura: | Libro |
| Lingua: | inglese |
| Pubblicazione: |
New York :
Plenum Press,
1981
|
| Tags: |
Nessun Tag, puoi essere il primo ad aggiungerne!!
|
MARC
| LEADER | 00000nam a22000003a 4500 | ||
|---|---|---|---|
| 001 | stu86058 | ||
| 005 | 20150617225629.6 | ||
| 008 | 040422s1981------------------------eng-d | ||
| 040 | |a STU |b slo | ||
| 041 | 0 | |a eng | |
| 080 | |a 681.32.01 |7 stu_us_auth*stu8217 | ||
| 080 | |a 621.391 | ||
| 080 | |a 621.398 | ||
| 100 | 1 | |a Pearce, J.G. |4 aut | |
| 245 | 1 | |a Telecommunications switching | |
| 260 | |a New York : |b Plenum Press, |c 1981 | ||
| 300 | |a 9, 338 s | ||
| 996 | |b E58014 |c E*58014 |l EE01 |s A |a 24 |w stu86058_0001 | ||